<?xml version="1.0" encoding="UTF-8"?>
<collection xmlns="http://www.loc.gov/MARC21/slim">
 <record>
  <leader>00446cam a2200145 7i4500</leader>
  <controlfield tag="001">0000050640</controlfield>
  <controlfield tag="005">20070215090000.0</controlfield>
  <datafield tag="020" ind1="0" ind2="0">
   <subfield code="a">9836282238 </subfield>
  </datafield>
  <datafield tag="090" ind1="0" ind2="0">
   <subfield code="a">QH 302.5 </subfield>
   <subfield code="b">K3</subfield>
  </datafield>
  <datafield tag="245" ind1="0" ind2="0">
   <subfield code="a">Kamus biologi : </subfield>
   <subfield code="b">Genetik  </subfield>
   <subfield code="c">Baharuddin Salleh.</subfield>
  </datafield>
  <datafield tag="260" ind1="0" ind2="0">
   <subfield code="a">Kuala Lumpur: </subfield>
   <subfield code="b">Dewan Bahasa Dan Pustaka, </subfield>
   <subfield code="c">2004.</subfield>
  </datafield>
  <datafield tag="650" ind1="0" ind2="0">
   <subfield code="a">Genetik -- </subfield>
   <subfield code="x">Dictionaries </subfield>
  </datafield>
  <datafield tag="650" ind1="0" ind2="0">
   <subfield code="a">Biology -- </subfield>
   <subfield code="x">Dictionaries </subfield>
  </datafield>
  <datafield tag="700" ind1="1" ind2="1">
   <subfield code="a">Baharuddin Salleh </subfield>
  </datafield>
  <datafield tag="999" ind1=" " ind2=" ">
   <subfield code="a">1100041711</subfield>
   <subfield code="b">Book</subfield>
   <subfield code="c">Rujukan</subfield>
   <subfield code="e">KOLEKSI RUJUKAN</subfield>
  </datafield>
 </record>
</collection>
